[Event "Skakligaen 2019-20"]
[Site "Denmark"]
[Date "2020.02.23"]
[Round "7.2"]
[White "Rasmussen, Allan Stig"]
[Black "Brynell, Stellan"]
[Result "1/2-1/2"]
[WhiteElo "2559"]
[BlackElo "2412"]
[PlyCount "166"]
[EventDate "2019.11.23"]
[EventType "team-tourn"]
[EventRounds "9"]
[WhiteTeam "Jetsmark"]
[BlackTeam "Nordkalotten"]
[WhiteTeamCountry "DEN"]
[BlackTeamCountry "DEN"]

1. c4 e6 2. g3 d5 3. Bg2 Nf6 4. Nf3 dxc4 5. Qa4+ Bd7 6. Qxc4 c5 7. Ne5 Qc8 8.
Qd3 Nc6 9. Nxd7 Nxd7 10. Qb3 Nd4 11. Qd1 Be7 12. d3 O-O 13. Nd2 Nf6 14. O-O Qd7
15. Nc4 Rac8 16. a4 b6 17. Bd2 Rfd8 18. Re1 Nd5 19. Rc1 Bf6 20. h4 Nc6 21. Qb3
Nd4 22. Qd1 Nc6 23. Qb3 Nd4 24. Qa3 Nc6 25. Red1 h6 26. Be1 Be7 27. e3 Rb8 28.
Qb3 a6 29. Ra1 Bf6 30. Qc2 Ndb4 31. Qe2 b5 32. axb5 axb5 33. Na3 Be7 34. Rac1
Nd5 35. Nc2 Bf6 36. Na3 Be7 37. Nb1 Ndb4 38. d4 c4 39. Nc3 Nd3 40. Ra1 Ncb4 41.
Rab1 Nxe1 42. Qxe1 Nd5 43. Qe2 b4 44. Ne4 c3 45. Rdc1 Rbc8 46. bxc3 f5 47. c4
fxe4 48. cxd5 Rxc1+ 49. Rxc1 exd5 50. f3 exf3 51. Qxf3 Kh8 52. Rb1 Qe6 53. Rb3
Qg6 54. e4 dxe4 55. Qxe4 Qxe4 56. Bxe4 Rxd4 57. Bg6 Kg8 58. Kf2 Kf8 59. Ke2 Bf6
60. Re3 Rd8 61. Bc2 Bd4 62. Re4 Kf7 63. h5 Kf6 64. Rg4 Bc3 65. Rg6+ Ke5 66. Bb3
Rd7 67. Ke3 Bd2+ 68. Ke2 Bg5 69. Re6+ Kd4 70. Rc6 Re7+ 71. Kd1 Re3 72. Kc2 Re2+
73. Kb1 Re1+ 74. Ka2 Bf6 75. Bf7 Re7 76. Bg6 Re3 77. Bf7 Ra3+ 78. Kb1 Kd3 79.
Bc4+ Kd2 80. Rd6+ Kc3 81. Bb5 b3 82. Ra6 Rxa6 83. Bxa6 Be5 1/2-1/2

[Event "Skakligaen 2019-20"]
[Site "Denmark"]
[Date "2020.02.23"]
[Round "7.3"]
[White "Hove, Esben Kjems"]
[Black "Thogersen, Rasmus"]
[Result "1-0"]
[WhiteElo "2323"]
[BlackElo "2248"]
[PlyCount "115"]
[EventDate "2019.11.23"]
[EventType "team-tourn"]
[EventRounds "9"]
[WhiteTeam "Nordkalotten"]
[BlackTeam "Jetsmark"]
[WhiteTeamCountry "DEN"]
[BlackTeamCountry "DEN"]

1. d4 Nf6 2. g3 g6 3. Bg2 Bg7 4. Nf3 O-O 5. O-O d6 6. c4 Nc6 7. Nc3 a6 8. b3
Rb8 9. Bb2 b5 10. cxb5 axb5 11. Rc1 Bd7 12. d5 Na5 13. Nd4 b4 14. Na4 Bxa4 15.
bxa4 Nd7 16. a3 Nc5 17. axb4 Rxb4 18. Bc3 Rxd4 19. Bxd4 Bxd4 20. Qxd4 Nab3 21.
Qc4 Nxc1 22. Rxc1 Qa8 23. h4 Rb8 24. h5 Qa5 25. Qd4 Rb3 26. h6 f6 27. Qg4 Rb8
28. e3 Qd2 29. Rd1 Qc2 30. a5 f5 31. Qd4 Qb2 32. Bf1 Ne4 33. Qxb2 Rxb2 34. Ra1
Rb7 35. a6 Ra7 36. Rb1 Nf6 37. Rb7 Rxb7 38. axb7 Nd7 39. Bh3 Nb8 40. e4 Kf7 41.
exf5 Kf6 42. fxg6 Kxg6 43. f4 Kxh6 44. Kf2 Kg6 45. Kf3 Kf6 46. Kg4 Kg6 47. Bf1
c6 48. Bd3+ Kg7 49. dxc6 Nxc6 50. Bb5 Nb8 51. Kf5 Kf7 52. Bc4+ Ke8 53. Bg8 Kd7
54. Bxh7 Kc7 55. Ke6 Nc6 56. g4 d5 57. g5 d4 58. Be4 1-0

[Event "Skakligaen 2019-20"]
[Site "Denmark"]
[Date "2020.02.23"]
[Round "7.4"]
[White "Jensen, Bjarke"]
[Black "Sylvan, Jacob"]
[Result "1-0"]
[WhiteElo "2328"]
[BlackElo "2323"]
[PlyCount "73"]
[EventDate "2019.11.23"]
[EventType "team-tourn"]
[EventRounds "9"]
[WhiteTeam "Jetsmark"]
[BlackTeam "Nordkalotten"]
[WhiteTeamCountry "DEN"]
[BlackTeamCountry "DEN"]

1. e4 c5 2. Nf3 Nc6 3. d4 cxd4 4. Nxd4 e6 5. Nc3 Qc7 6. f4 a6 7. Nxc6 Qxc6 8.
Bd3 b5 9. Qe2 Bb7 10. Bd2 Qc7 11. a3 d6 12. O-O-O Nf6 13. Rhf1 Rc8 14. g4 Nd7
15. f5 e5 16. g5 Nc5 17. Kb1 f6 18. Qh5+ Kd8 19. Be3 Qe7 20. Qh4 Kc7 21. g6 h6
22. Rd2 Kb8 23. Be2 Qc7 24. Bf3 Be7 25. Bg1 Qa5 26. Qf2 b4 27. axb4 Qxb4 28.
Nd5 Bxd5 29. Rxd5 Rc7 30. Qd2 Qa4 31. Bxc5 dxc5 32. b3 Rb7 33. Rd1 Rc8 34. Rd7
Rcc7 35. Rxc7 Kxc7 36. Qd5 c4 37. Qxb7+ 1-0

[Event "Skakligaen 2019-20"]
[Site "Denmark"]
[Date "2020.02.23"]
[Round "7.5"]
[White "Kristensen, Kaare Hove"]
[Black "Wiwe, Andreas"]
[Result "1/2-1/2"]
[WhiteElo "2345"]
[BlackElo "2304"]
[PlyCount "59"]
[EventDate "2019.11.23"]
[EventType "team-tourn"]
[EventRounds "9"]
[WhiteTeam "Nordkalotten"]
[BlackTeam "Jetsmark"]
[WhiteTeamCountry "DEN"]
[BlackTeamCountry "DEN"]

1. d4 d5 2. c4 dxc4 3. Nf3 Nf6 4. e3 e6 5. Bxc4 c5 6. O-O a6 7. Bb3 Nc6 8. Nc3
cxd4 9. exd4 Be7 10. Bg5 O-O 11. Qd2 Na5 12. Bc2 b5 13. Qf4 g6 14. Qh4 Re8 15.
d5 exd5 16. Rfe1 Be6 17. Nd4 b4 18. Ba4 bxc3 19. Bxe8 cxb2 20. Rab1 h6 21. Nxe6
fxe6 22. Bxg6 hxg5 23. Qxg5 Qf8 24. Rxe6 Nc4 25. Bd3+ Kh8 26. Rbe1 Ra7 27. Qh4+
Kg8 28. Qg5+ Kh8 29. Qh4+ Kg8 30. Qg5+ 1/2-1/2

[Event "Skakligaen 2019-20"]
[Site "Denmark"]
[Date "2020.02.23"]
[Round "7.6"]
[White "Rathlev, Jakob"]
[Black "Jakobsen, Peter"]
[Result "1/2-1/2"]
[WhiteElo "2233"]
[BlackElo "2211"]
[PlyCount "59"]
[EventDate "2019.11.23"]
[EventType "team-tourn"]
[EventRounds "9"]
[WhiteTeam "Jetsmark"]
[BlackTeam "Nordkalotten"]
[WhiteTeamCountry "DEN"]
[BlackTeamCountry "DEN"]

1. d4 Nf6 2. Bg5 Ne4 3. Bf4 d5 4. e3 c5 5. Bd3 cxd4 6. exd4 Nc6 7. Bxe4 dxe4 8.
d5 e5 9. Bg3 Ne7 10. Nc3 Ng6 11. h4 Bb4 12. h5 Nf4 13. Bxf4 exf4 14. Qd4 Bxc3+
15. Qxc3 f6 16. Ne2 Qd6 17. Qd4 Bf5 18. Nc3 O-O 19. O-O-O Rfe8 20. h6 g5 21.
Nb5 Qe5 22. Rhe1 Bg4 23. f3 Qxd4 24. Nxd4 exf3 25. gxf3 Bd7 26. Kd2 Kf7 27. c4
Kg6 28. Rh1 Rac8 29. Rc1 Re5 30. Rh2 1/2-1/2

[Event "Skakligaen 2019-20"]
[Site "Denmark"]
[Date "2020.02.23"]
[Round "7.7"]
[White "Nielsen, Lars Aaes"]
[Black "Grubert, Christian"]
[Result "1/2-1/2"]
[WhiteElo "2221"]
[BlackElo "2133"]
[PlyCount "46"]
[EventDate "2019.11.23"]
[EventType "team-tourn"]
[EventRounds "9"]
[WhiteTeam "Nordkalotten"]
[BlackTeam "Jetsmark"]
[WhiteTeamCountry "DEN"]
[BlackTeamCountry "DEN"]

1. e4 c5 2. Nf3 g6 3. c3 Bg7 4. d4 cxd4 5. cxd4 d5 6. e5 Nc6 7. Bb5 Bg4 8.
Bxc6+ bxc6 9. Nbd2 Nh6 10. O-O O-O 11. h3 Bf5 12. Re1 f6 13. e6 Qd6 14. Qe2 g5
15. Nb3 Bg6 16. Nc5 Nf5 17. Be3 h5 18. g3 g4 19. hxg4 hxg4 20. Nh2 Nxe3 21.
Qxe3 f5 22. Nd3 Kh7 23. Rac1 Rab8 1/2-1/2

[Event "Skakligaen 2019-20"]
[Site "Denmark"]
[Date "2020.02.23"]
[Round "7.8"]
[White "Rasmussen, Henning"]
[Black "Ejsing, Esben"]
[Result "1-0"]
[WhiteElo "2150"]
[BlackElo "2149"]
[PlyCount "59"]
[EventDate "2019.11.23"]
[EventType "team-tourn"]
[EventRounds "9"]
[WhiteTeam "Jetsmark"]
[BlackTeam "Nordkalotten"]
[WhiteTeamCountry "DEN"]
[BlackTeamCountry "DEN"]

1. d4 g6 2. e4 Bg7 3. Nc3 c6 4. Be3 d5 5. f3 b5 6. Qd2 b4 7. Na4 a5 8. a3 dxe4
9. fxe4 Nf6 10. e5 Nd5 11. Bf2 O-O 12. Nc5 Bf5 13. Bc4 Nd7 14. Nd3 Qb6 15. Nf3
Bxd3 16. Qxd3 Qc7 17. O-O N7b6 18. Bb3 e6 19. Ng5 Nf4 20. Qf3 Nbd5 21. Ne4 Kh8
22. axb4 axb4 23. Rxa8 Rxa8 24. Kh1 Rf8 25. g4 h6 26. h4 h5 27. g5 c5 28. Nxc5
Bxe5 29. dxe5 Qxe5 30. Nd7 1-0

<p></p>

[Event "Skakligaen 2019-20"]
[Site "Denmark"]
[Date "2020.09.05"]
[Round "8.1"]
[White "Hillarp Persson, Tiger"]
[Black "Berkes, Ferenc"]
[Result "1/2-1/2"]
[WhiteElo "2542"]
[BlackElo "2647"]
[EventDate "2019.11.23"]
[EventType "team-tourn"]
[EventRounds "9"]
[EventCountry "Denmark"]
[WhiteTeam "Bronshoj"]
[BlackTeam "Koge"]
[WhiteTeamCountry "DEN"]
[BlackTeamCountry "DEN"]
[WhiteFideId "1700812"]
[BlackFideId "718572"]

1. Nf3 d5 2. c4 e6 3. g3 dxc4 4. Qa4+ Bd7 5. Qxc4 c5 6. Bg2 Bc6 7. O-O Nd7 8. b3 Be7 9. Bb2 Bf6 10. Qc2 Rc8 11. d3 Bxb2 12. Qxb2 Qf6 13. Qxf6 Ngxf6 14. Nbd2 Ke7 15. Rfc1 Rc7 16. Rc2 Rhc8 17. Rac1 Ne8 18. Nc4 b6 19. Nfe5  1/2-1/2

[Event "Skakligaen 2019-20"]
[Site "Denmark"]
[Date "2020.09.05"]
[Round "8.2"]
[White "Rozentalis, Eduardas"]
[Black "Vasli, Aref"]
[Result "1/2-1/2"]
[WhiteElo "2547"]
[BlackElo "2397"]
[EventDate "2019.11.23"]
[EventType "team-tourn"]
[EventRounds "9"]
[EventCountry "Denmark"]
[WhiteTeam "Koge"]
[BlackTeam "Bronshoj"]
[WhiteTeamCountry "DEN"]
[BlackTeamCountry "DEN"]
[WhiteFideId "12800023"]
[BlackFideId "417521"]

1. e4 e5 2. Nf3 Nc6 3. Nc3 Nf6 4. Bb5 Bb4 5. O-O O-O 6. d3 d6 7. Bg5 Bxc3 8. bxc3 Bd7 9. Rb1 h6 10. Bh4 Qe7 11. Qd2 Rfe8 12. Rfe1 a6 13. Ba4 b5 14. Bb3 Na5 15. d4 Rad8 16. h3 Kh7 17. Rbd1 Bc8 18. Qc1 c6 19. Qa3 Nxb3 20. dxe5 Nc5 21. exf6 gxf6 22. Nd4 Rg8 23. c4 Rde8 24. Qf3 Nxe4 25. Bg3 c5 26. Nf5 Qb7 27. Qf4 Bxf5 28. Qxf5+ Rg6 29. cxb5 Nxg3 30. fxg3 Qxb5 31. Kh2 Rxe1 32. Rxe1 Qa5 33. Re8 Qc3 34. g4 Qd4 35. c3 Qxc3 36. Qd7 Qd4 37. Qxf7+ Rg7 38. Qb3 Qf4+ 39. Kg1 Qc1+ 40. Kf2 Qf4+ 41. Kg1 Qc1+ 42. Kh2  1/2-1/2

[Event "Skakligaen 2019-20"]
[Site "Denmark"]
[Date "2020.09.05"]
[Round "8.3"]
[White "Hoi, Carsten"]
[Black "Chatalbashev, Boris"]
[Result "1-0"]
[WhiteElo "2317"]
[BlackElo "2530"]
[EventDate "2019.11.23"]
[EventType "team-tourn"]
[EventRounds "9"]
[EventCountry "Denmark"]
[WhiteTeam "Bronshoj"]
[BlackTeam "Koge"]
[WhiteTeamCountry "DEN"]
[BlackTeamCountry "DEN"]
[WhiteFideId "1400100"]
[BlackFideId "2900440"]

1. c4 c5 2. e3 Nf6 3. Nf3 g6 4. d4 Bg7 5. Nc3 O-O 6. Be2 cxd4 7. exd4 d5 8. Ne5 Nc6 9. O-O Bf5 10. Be3 Rc8 11. Nxc6 bxc6 12. c5 Rb8 13. Qd2 Ng4 14. Bxg4 Bxg4 15. Rfe1 Re8 16. a3 Rb3 17. Na2 a5 18. Nc1 Rb5 19. b4 axb4 20. axb4 Qb8 21. Ra4 e5 22. Nb3 Rb7 23. Na5 Rd7 24. Raa1 Qb5 25. dxe5 d4 26. Bh6 Bxh6 27. Qxh6 Qxb4 28. h3 Bf5 29. Nxc6 Qxc5 30. Rac1 Bc2 31. Qd2 Qxc6 32. Rxc2 Qd5 33. Qf4 d3 34. Rd2 Red8 35. h4 Qe6 36. Re3 Rd4 37. Qg3 Qc4 38. Qf3 h5 39. e6 Rf4 40. Rexd3 Rxf3 41. Rxd8+ Kg7 42. e7 Re3 43. fxe3 Qxh4 44. e8=N+ Kh6 45. Rd1 Qe7 46. Kf2 Qh4+ 47. g3 Qh2+ 48. Kf3 Qc2 49. R8d5 Qc4 50. Nd6 Qg4+ 51. Kf2 h4 52. gxh4 Qxh4+ 53. Ke2 Qg4+ 54. Kd2 Qg2+ 55. Kc3 f5 56. R5d2 Qf3 57. Rd3 Qc6+ 58. Nc4 Kh5 59. R3d2 Qf6+ 60. Kb3 Qh4 61. Rd8 Qf2 62. R8d2 Qg3 63. Rh1+ Kg5 64. Rdd1 Kf6 65. Rhg1 Qb8+ 66. Kc3 Qh8 67. Rd6+ Ke7+ 68. Kd3 Qa8 69. Rgxg6 Qe4+ 70. Kc3 Qb1 71. Rb6 Qa1+ 72. Kb4 Kf7 73. Rgc6 Ke8 74. Kc5 Qa7 75. Kb5 f4 76. Nd6+ Kd8 77. exf4 Qa2 78. Rb8+ Kd7 79. Rb7+ Ke6 80. Nc4+ Kf5 81. Rf7+ Ke4 82. Re7+ Kxf4 83. Rf6+ Kg5 84. Ref7 Qb1+ 85. Kc5 Qg1+ 86. Rf2 Kh4 87. Kd5 Qh1+ 88. Kd4 Kg3 89. R2f6 Qh4+ 90. Kd5 Qh1+ 91. Ke6 Qh3+ 92. Ke7 Qg4 93. Nd6 Kg2 94. Kf8 Qh4 95. Nf5 Qb4+ 96. Nd6 Qb8+ 97. Ne8 Qb4+ 98. Kg8 Qb3 99. Rg6+ Kh3 100. Nd6 Kh4 101. Nf5+ Kh5 102. Rgf6 Kg5 103. Nd4 Qa2 104. Ne6+ Kh5 105. Rh7+ Kg4 106. Rg7+ Kh5 107. Kh8 Qa8+ 108. Kh7 Qe4+ 109. Rgg6 Qb1 110. Ng7+ Kh4 111. Rf4+ Kh3 112. Nf5 Qb7+ 113. Rg7  1-0

[Event "Skakligaen 2019-20"]
[Site "Denmark"]
[Date "2020.09.05"]
[Round "8.4"]
[White "Danielsen, Henrik"]
[Black "Aabling Thomsen, Jakob"]
[Result "1/2-1/2"]
[WhiteElo "2497"]
[BlackElo "2347"]
[EventDate "2019.11.23"]
[EventType "team-tourn"]
[EventRounds "9"]
[EventCountry "Denmark"]
[WhiteTeam "Koge"]
[BlackTeam "Bronshoj"]
[WhiteTeamCountry "DEN"]
[BlackTeamCountry "DEN"]
[WhiteFideId "1400185"]
[BlackFideId "1407589"]

1. g3 e5 2. Bg2 d5 3. c4 dxc4 4. Qa4+ Nc6 5. Bxc6+ bxc6 6. Qxc6+ Bd7 7. Qxc4 Nf6 8. Nf3 Bd6 9. d3 O-O 10. Nbd2 Rb8 11. b3 Re8 12. Bb2 Rb4 13. Qc3 Qa8 14. e4 Bg4 15. O-O Rbb8 16. Kg2 Rbd8 17. h3 Bc8 18. Nc4 Nd7 19. Rfe1 f6 20. Rad1 Bf8 21. Na5 c5 22. Nh4 Nb6 23. g4 Be6 24. Nf5 Rd7 25. Bc1 Red8 26. f3 Nc8 27. Be3 Ne7 28. Nxe7+ Bxe7 29. Re2 Rc8 30. Rc2 Qb8 31. Nc4 Qb5 32. Nb2 Qa6 33. Na4 c4 34. Nb2 Rxd3 35. Nxd3 cxb3 36. Qxc8+ Bxc8 37. axb3 h5 38. Bc5 Bxc5 39. Nxc5 Qa5 40. Rd6 Qc7 41. Rdd2 Qe7 42. Nd7 Ba6 43. Rc7 Bb5 44. Rxa7 Kh7 45. Rb7 Bc6 46. Rb6 Bxd7 47. Rb7 Qa3 48. Rdxd7 Qb2+ 49. Kf1 Kh6 50. gxh5 Kg5 51. Rxg7+ Kf4 52. Kg1 Kxf3 53. Rg4 Qf2+ 54. Kh1 Qf1+ 55. Kh2 Qf2+ 56. Kh1 Qf1+ 57. Kh2 Qf2+ 58. Kh1 Qf1+ 59. Kh2 Qf2+ 60. Kh1 Qf1+  1/2-1/2

[Event "Skakligaen 2019-20"]
[Site "Denmark"]
[Date "2020.09.05"]
[Round "8.5"]
[White "Palm, Nikolaj"]
[Black "Smith, Axel"]
[Result "0-1"]
[WhiteElo "2282"]
[BlackElo "2465"]
[EventDate "2019.11.23"]
[EventType "team-tourn"]
[EventRounds "9"]
[EventCountry "Denmark"]
[WhiteTeam "Bronshoj"]
[BlackTeam "Koge"]
[WhiteTeamCountry "DEN"]
[BlackTeamCountry "DEN"]
[WhiteFideId "1402145"]
[BlackFideId "1707930"]

1. d4 Nf6 2. c4 c5 3. e3 g6 4. Nc3 cxd4 5. exd4 Bg7 6. Nf3 O-O 7. g3 d5 8. Bg2 Nc6 9. O-O dxc4 10. d5 Nb4 11. Ne5 Bf5 12. g4 Bd3 13. Nxd3 Nxd3 14. Qe2 Qd7 15. g5 Ne8 16. Be4 Nxc1 17. Raxc1 Nd6 18. Bg2 b5 19. Nd1 Nf5 20. Ne3 Nd4 21. Qd2 e5 22. f4 exf4 23. Rxf4 Ne6 24. Rg4 Nc5 25. Rf1 Rae8 26. Rh4 Qe7 27. Ng4 Qe2 28. Qf4 Nd3 29. Qg3 Qd2 30. Nf6+ Bxf6 31. gxf6 Re5 32. Qh3 Rg5 33. Rg4 Rxg4 34. Qxg4 Qe3+ 35. Kh1 Nf2+ 36. Rxf2 Qxf2 37. h3 Qxf6 38. Qd7 Qxb2 39. d6 c3  0-1

[Event "Skakligaen 2019-20"]
[Site "Denmark"]
[Date "2020.09.05"]
[Round "8.6"]
[White "Ahlander, Bjorn"]
[Black "Carstensen, Jacob"]
[Result "0-1"]
[WhiteElo "2414"]
[BlackElo "2354"]
[EventDate "2019.11.23"]
[EventType "team-tourn"]
[EventRounds "9"]
[EventCountry "Denmark"]
[WhiteTeam "Koge"]
[BlackTeam "Bronshoj"]
[WhiteTeamCountry "DEN"]
[BlackTeamCountry "DEN"]
[WhiteFideId "1700251"]
[BlackFideId "1404180"]

1. d4 Nf6 2. c4 e6 3. Nf3 d5 4. Nc3 Bb4 5. e3 O-O 6. Bd3 c5 7. O-O Nc6 8. a3 Bxc3 9. bxc3 dxc4 10. Bxc4 Qc7 11. Ba2 e5 12. h3 e4 13. Nh2 Na5 14. f3 c4 15. Rb1 Re8 16. Rb5 b6 17. Qe1 Bd7 18. Rb2 exf3 19. Nxf3 Ne4 20. Ne5 Rxe5 21. dxe5 Qxe5 22. Qd1 Be6 23. Qd4 Nc6 24. Qxe5 Nxe5 25. Bb1 Nxc3 26. Rf4 Rc8 27. Rd4 Kf8 28. Kf2 Nd3+ 29. Bxd3 cxd3 30. Rd2 Ne2 31. Bb2 Nxd4 32. Bxd4 Rc2 33. Ke1 h5 34. h4 Bf5 35. Rxc2 dxc2 36. Kd2 g6 37. Be5 Ke7 38. Bb8 a6 39. Ba7 b5 40. Bb6 Ke6 41. g3 Kd5 42. Bc7 Kc4 43. Bd6 Be4 44. Bb4 Kb3 45. Kc1 Bd3 46. Be7 a5 47. Bd6 b4 48. axb4 a4 49. Bc5 a3 50. e4 Bxe4 51. b5 a2 52. Bd4 Kc4 53. Bf6 Kxb5 54. Kd2 Kc4 55. Bb2 Kd5 56. Kc1 Ke6 57. Kd2 Kf5 58. Kc1 Kg4 59. Be5 f5 60. Kd2 g5 61. hxg5 Kxg5 62. Bd4 f4 63. gxf4+ Kxf4 64. Bf6 Kf3 65. Bd4 h4  0-1

[Event "Skakligaen 2019-20"]
[Site "Denmark"]
[Date "2020.09.05"]
[Round "8.7"]
[White "Laursen, Niels Norskov"]
[Black "Antonsen, Mikkel"]
[Result "1-0"]
[WhiteElo "2251"]
[BlackElo "2390"]
[EventDate "2019.11.23"]
[EventType "team-tourn"]
[EventRounds "9"]
[EventCountry "Denmark"]
[WhiteTeam "Bronshoj"]
[BlackTeam "Koge"]
[WhiteTeamCountry "DEN"]
[BlackTeamCountry "DEN"]
[WhiteFideId "1404709"]
[BlackFideId "1401378"]

1. e4 c5 2. Nf3 Nc6 3. Bb5 g6 4. O-O Bg7 5. c3 Nf6 6. Re1 O-O 7. h3 a6 8. Bf1 e5 9. d4 cxd4 10. cxd4 exd4 11. Nxd4 Nxd4 12. Qxd4 Re8 13. e5 d6 14. Rd1 Nd7 15. Qxd6 Bxe5 16. Qd5 Qf6 17. Nc3 Nb6 18. Qc5 Bf5 19. Be3 Re6 20. Bd4 Bxh3 21. Ne4 Qf4 22. Bxe5 Qxe4 23. Re1 Qf5 24. Rad1 Bg4 25. f3 Bxf3 26. gxf3 Rae8 27. f4 f6 28. Rd6 Qg4+ 29. Bg2 Na4 30. Qd5 fxe5 31. Rxe5 Kf7 32. f5 Nc5 33. fxe6+ Nxe6 34. Qf3+  1-0

[Event "Skakligaen 2019-20"]
[Site "Denmark"]
[Date "2020.09.05"]
[Round "8.8"]
[White "Jorgensen, Brian"]
[Black "Holmsgaard, Henrik"]
[Result "1/2-1/2"]
[WhiteElo "2252"]
[BlackElo "2221"]
[EventDate "2019.11.23"]
[EventType "team-tourn"]
[EventRounds "9"]
[EventCountry "Denmark"]
[WhiteTeam "Koge"]
[BlackTeam "Bronshoj"]
[WhiteTeamCountry "DEN"]
[BlackTeamCountry "DEN"]
[WhiteFideId "1401599"]
[BlackFideId "1400452"]

1. d4 d5 2. c4 dxc4 3. Nf3 Nf6 4. e3 Bg4 5. Bxc4 e6 6. O-O a6 7. Nc3 Nc6 8. Be2 Bd6 9. b3 O-O 10. Bb2 Qe7 11. Ne5 Bxe2 12. Nxe2 Bxe5 13. dxe5 Ng4 14. Qc1 Ncxe5 15. h3 Nd3 16. Qc3 Nxb2 17. hxg4 Qf6 18. Qxc7 b5 19. Nd4  1/2-1/2

[Event "Skakligaen 2019-20"]
[Site "Denmark"]
[Date "2020.09.05"]
[Round "8.1"]
[White "Hurtado, Javier Marchena"]
[Black "Andersen, Mads"]
[Result "1/2-1/2"]
[WhiteElo "2356"]
[BlackElo "2601"]
[EventDate "2019.11.23"]
[EventType "team-tourn"]
[EventRounds "9"]
[EventCountry "Denmark"]
[WhiteTeam "OBRO"]
[BlackTeam "Skanderborg"]
[WhiteTeamCountry "DEN"]
[BlackTeamCountry "DEN"]
[WhiteFideId "2271583"]
[BlackFideId "1413864"]

1. d4 d5 2. c4 c6 3. Nf3 Nf6 4. e3 e6 5. Bd3 dxc4 6. Bxc4 Nbd7 7. O-O Bd6 8. Nc3 b5 9. Bd3 O-O 10. Qe2 a6 11. Bd2 c5 12. a4 b4 13. Ne4 Nxe4 14. Bxe4 Ra7 15. a5 Qe7 16. Rfd1 e5 17. Qd3 g6 18. Rac1 Rd8 19. Be1 exd4 20. exd4 Nf6 21. Bc6 Rc7 22. Ba4 cxd4 23. Nxd4 Rxc1 24. Rxc1 Bf4 25. Bd2 Bxd2 26. Qxd2 Bb7 27. Qe3 Qxe3 28. fxe3 Ng4 29. Bc6 Bxc6 30. Nxc6 Rd2 31. Nxb4 Nxe3 32. Re1 Nxg2 33. Re8+ Kg7 34. Nxa6 Rxb2 35. Nc5 Nh4 36. a6 Ra2 37. Re3 Ra5 38. Rc3 Nf5 39. Rc4 Nd6 40. Ra4 Rxa4 41. Nxa4 Nc8 42. Kf2 Kf6 43. Kf3 Ke5 44. Nc3 Na7 45. Ne4 h6 46. h4 Nc8 47. Nc3 Kd4 48. Nb5+ Kc5 49. a7 Nb6 50. Nc7 Kd6 51. Ne8+ Ke7 52. Nc7 Kd6 53. Ne8+ Ke7 54. Nc7 Kd6 55. Ne8+  1/2-1/2

[Event "Skakligaen 2019-20"]
[Site "Denmark"]
[Date "2020.09.05"]
[Round "8.2"]
[White "Bjerre, Jonas Buhl"]
[Black "Nielsen, Viktor Haarmark"]
[Result "1-0"]
[WhiteElo "2529"]
[BlackElo "2268"]
[EventDate "2019.11.23"]
[EventType "team-tourn"]
[EventRounds "9"]
[EventCountry "Denmark"]
[WhiteTeam "Skanderborg"]
[BlackTeam "OBRO"]
[WhiteTeamCountry "DEN"]
[BlackTeamCountry "DEN"]
[WhiteFideId "1444948"]
[BlackFideId "1444492"]

1. d4 d5 2. c4 e6 3. Nf3 Nf6 4. g3 dxc4 5. Bg2 a6 6. O-O Nc6 7. e3 Rb8 8. Nfd2 e5 9. Bxc6+ bxc6 10. dxe5 Ng4 11. Nxc4 Be6 12. Nbd2 Bb4 13. b3 h5 14. h3 Bc3 15. Ba3 Nxe5 16. Rc1 Bxc4 17. Nxc4 Nxc4 18. bxc4 Qxd1 19. Rfxd1 Bb4 20. Rb1 a5 21. Bb2 f6 22. c5 Ke7 23. Rbc1 Rb5 24. Bd4 Rd8 25. Rd3 Ke6 26. a3 Rxc5 27. Bxc5 Rxd3 28. axb4 a4 29. Bd4 Kd6 30. Rc5 a3 31. Ra5  1-0

[Event "Skakligaen 2019-20"]
[Site "Denmark"]
[Date "2020.09.05"]
[Round "8.3"]
[White "Hansen, Mads Smith"]
[Black "Ochsner, Bjorn Moller"]
[Result "0-1"]
[WhiteElo "2361"]
[BlackElo "2491"]
[EventDate "2019.11.23"]
[EventType "team-tourn"]
[EventRounds "9"]
[EventCountry "Denmark"]
[WhiteTeam "OBRO"]
[BlackTeam "Skanderborg"]
[WhiteTeamCountry "DEN"]
[BlackTeamCountry "DEN"]
[WhiteFideId "1400258"]
[BlackFideId "1416928"]

1. e4 c5 2. Nf3 d6 3. Nc3 Nf6 4. e5 dxe5 5. Nxe5 a6 6. a4 Qc7 7. Nc4 Nc6 8. Be2 g6 9. b3 Bg7 10. Ba3 Nd4 11. a5 Bf5 12. d3 O-O 13. Bb2 Rad8 14. O-O h5 15. Re1 Ng4 16. Bxg4 Bxg4 17. Qd2 Kh7 18. Nd1 Bh6 19. Nde3 Bd7 20. b4 Be6 21. Qc3 Bg7 22. Kh1 cxb4 23. Qxb4 Bxc4 24. dxc4 Qf4 25. Nd5 Qxf2 26. Qxe7 Rde8 27. Qxe8 Rxe8 28. Rxe8 Nxc2 29. Bxg7 Nxa1  0-1

[Event "Skakligaen 2019-20"]
[Site "Denmark"]
[Date "2020.09.05"]
[Round "8.4"]
[White "Pedersen, Nicolai Vesterbaek"]
[Black "Rasmussen, Casper Dahl"]
[Result "1-0"]
[WhiteElo "2391"]
[BlackElo "2304"]
[EventDate "2019.11.23"]
[EventType "team-tourn"]
[EventRounds "9"]
[EventCountry "Denmark"]
[WhiteTeam "Skanderborg"]
[BlackTeam "OBRO"]
[WhiteTeamCountry "DEN"]
[BlackTeamCountry "DEN"]
[WhiteFideId "1402340"]
[BlackFideId "1402005"]

1. c4 c5 2. Nf3 Nf6 3. g3 g6 4. Bg2 Bg7 5. O-O O-O 6. d4 cxd4 7. Nxd4 Nc6 8. Nc3 Nxd4 9. Qxd4 d6 10. Qd2 a6 11. Rd1 Be6 12. Bxb7 Rb8 13. Bd5 Nxd5 14. cxd5 Bh3 15. b3 Qd7 16. Bb2 Rfc8 17. Na4 Qxa4 18. bxa4 Rxb2 19. Qe3 Rcc2 20. Re1 Bc3 21. Qxe7 Bxe1 22. Rxe1 Rd2 23. f3 h5 24. Qh4 Bf5 25. Qd8+ Kg7 26. Qxd6 Rxe2 27. Rxe2 Rxe2 28. Qxa6 Rxa2 29. Qc4 Rc2 30. Qd4+ Kf8 31. d6 Ke8 32. Qa7 Bd7 33. a5  1-0

[Event "Skakligaen 2019-20"]
[Site "Denmark"]
[Date "2020.09.05"]
[Round "8.5"]
[White "Hansen, Soren Bech"]
[Black "Andersen, Jackie"]
[Result "1/2-1/2"]
[WhiteElo "2221"]
[BlackElo "2399"]
[EventDate "2019.11.23"]
[EventType "team-tourn"]
[EventRounds "9"]
[EventCountry "Denmark"]
[WhiteTeam "OBRO"]
[BlackTeam "Skanderborg"]
[WhiteTeamCountry "DEN"]
[BlackTeamCountry "DEN"]
[WhiteFideId "1400681"]
[BlackFideId "1402650"]

1. e4 g6 2. d4 Nf6 3. Bd3 d6 4. Nf3 Bg7 5. O-O O-O 6. c3 Nc6 7. Re1 e5 8. h3 Re8 9. Na3 a6 10. Nc2 h6 11. a4 Bd7 12. d5 Ne7 13. a5 Nexd5 14. exd5 e4 15. Be2 exf3 16. Bxf3 Bf5  1/2-1/2

[Event "Skakligaen 2019-20"]
[Site "Denmark"]
[Date "2020.09.05"]
[Round "8.7"]
[White "Simonsen, Carsten"]
[Black "Brondt, Nicolai Kvist"]
[Result "1-0"]
[WhiteElo "2232"]
[BlackElo "2244"]
[EventDate "2019.11.23"]
[EventType "team-tourn"]
[EventRounds "9"]
[EventCountry "Denmark"]
[WhiteTeam "OBRO"]
[BlackTeam "Skanderborg"]
[WhiteTeamCountry "DEN"]
[BlackTeamCountry "DEN"]
[WhiteFideId "1439898"]
[BlackFideId "1413848"]

1. d4 d5 2. Bf4 Nf6 3. e3 c5 4. c3 Nc6 5. Nd2 a6 6. Ngf3 cxd4 7. exd4 Bf5 8. Be2 e6 9. Nh4 Be4 10. Nxe4 dxe4 11. g3 Bd6 12. Ng2 O-O 13. Bxd6 Qxd6 14. Ne3 Rad8 15. O-O e5 16. dxe5 Nxe5 17. Qxd6 Rxd6 18. Rfd1 Rfd8 19. Rxd6 Rxd6 20. Rd1 Rxd1+ 21. Bxd1 Kf8 22. b4 Ke7 23. Bb3 b6 24. Nf5+ Kf8 25. Nd6 e3 26. fxe3 Nfg4 27. e4 Nf3+ 28. Kg2 Nd2 29. Bd5 g6 30. h3 Ne3+ 31. Kf2 Nxd5 32. exd5 Ke7 33. Nc8+ Kd8 34. Nxb6 Ne4+ 35. Ke3 Nxc3 36. a3 Kc7 37. Kd3 Nd1 38. Nc4 Nf2+ 39. Kd4 Nxh3 40. Kc5 Ng5 41. d6+ Kd7 42. Kd5 f5 43. Ne5+ Ke8 44. a4 Ne4 45. a5 Kd8 46. Kc6 Nf6 47. b5 Kc8 48. d7+ Nxd7 49. Nxd7 axb5 50. a6 b4 51. a7  1-0